Местная промышленность (Запись № 2814326)
[ простой вид ]
| 000 -МАРКЕР | |
|---|---|
| контрольное поле | 07465nas1a22006851i 4500 |
| 001 - ИДЕНТИФИКАТОР ЗАПИСИ | |
| контрольное поле | RU\NLR\INFOCOMM16\1000075582 |
| 005 - ИДЕНТИФИКАТОР ВЕРСИИ | |
| контрольное поле | 20240726061631.0 |
| 011 ## - МЕЖДУНАРОДНЫЙ СТАНДАРТНЫЙ НОМЕР СЕРИАЛЬНОГО ИЗДАНИЯ (ISSN) | |
| Номер (ISSN) | 0136-5762 |
| 035 ## - ДРУГИЕ СИСТЕМНЫЕ НОМЕРА | |
| Идентификатор записи | (NLR Aleph) 002526952 |
| 100 ## - ДАННЫЕ ОБЩЕЙ ОБРАБОТКИ | |
| Данные общей обработки | 20040423b19691983|||y0rusy50 ca |
| 101 0# - ЯЗЫК РЕСУРСА | |
| Язык текста, звукозаписи и т.д. | русский |
| 102 ## - СТРАНА ПУБЛИКАЦИИ ИЛИ ПРОИЗВОДСТВА | |
| Страна публикации | Российская Федерация |
| 110 ## - ПОЛЕ КОДИРОВАННЫХ ДАННЫХ: ПРОДОЛЖАЮЩИЕСЯ РЕСУРСЫ | |
| Кодированные данные продолжающегося ресурса | zyu||||0|y0 |
| 200 1# - ЗАГЛАВИЕ И СВЕДЕНИЯ ОБ ОТВЕТСТВЕННОСТИ | |
| Основное заглавие | Местная промышленность |
| Сведения, относящиеся к заглавию | Науч.-техн. реф. сб. |
| Обозначение и номер части | Серия 8 |
| Наименование части | Производство товаров бытовой химии и изделий из пластмасс |
| Первые сведения об ответственности | М-во мест. пром-сти РСФСР. ЦБНТИ |
| 210 ## - ПУБЛИКАЦИЯ, РАСПРОСТРАНЕНИЕ И ДР. | |
| Место издания, распространения и т.д. | М. |
| Дата издания, распространения и т.д. | 1969-1983 |
| 300 ## - ОБЩИЕ ПРИМЕЧАНИЯ | |
| Текст примечания | За 1974-1978 г. г. изд. хранится в ФГО |
| 300 ## - ОБЩИЕ ПРИМЕЧАНИЯ | |
| Текст примечания | Вып.1 в 1970 г. не выходил |
| 311 ## - ПРИМЕЧАНИЯ, ОТНОСЯЩИЕСЯ К ПОЛЯМ СВЯЗИ (ПРИМЕЧАНИЯ О СВЯЗИ С ДРУГИМИ ПРОИЗВЕДЕНИЯМИ (ИЗДАНИЯМИ)) | |
| Текст примечания | С 1984 влилось в: Местная промышленность. Рацпредложения, рекомендуемые для внедрения на предприятиях местной промышленности, ISSN 0136-5738 (Ш.: П10/5621) |
| 311 ## - ПРИМЕЧАНИЯ, ОТНОСЯЩИЕСЯ К ПОЛЯМ СВЯЗИ (ПРИМЕЧАНИЯ О СВЯЗИ С ДРУГИМИ ПРОИЗВЕДЕНИЯМИ (ИЗДАНИЯМИ)) | |
| Текст примечания | С 1987 объединилось с: Местная промышленность. Сер.5, Местные строительные материалы, ISSN 0136-5711 (Ш.: П10/4376) и выходит под загл.: ... Сер. "Производство товаров бытовой химии и местных строительных материалов" ISSN 0234-5927 (Ш.: П10/6454) |
| 430 #0 - ПРОДОЛЖЕН | |
| Встроенное поле | 2001#$aБытовая химия, изделия из пластмасс |
| Заглавие | Бытовая химия, изделия из пластмасс |
| 430 #0 - ПРОДОЛЖЕН | |
| Встроенное поле | 2001#$aРеферативная информация$hСерия 4 |
| Заглавие | Реферативная информация |
| 430 #0 - ПРОДОЛЖЕН | |
| Встроенное поле | 2001#$aРеферативная информация$iСерия: Производство товаров бытовой химии, изделий из пластмасс |
| Заглавие | Реферативная информация |
| 430 #0 - ПРОДОЛЖЕН | |
| Встроенное поле | 2001#$aРеферативная информация$iСерия: Производство товаров бытовой химии и изделий из пластмасс |
| Заглавие | Реферативная информация |
| 440 #0 - ПРОДОЛЖАЕТСЯ ПОД ... | |
| Встроенное поле | 2001#$aМестная промышленность$iСерия "Производство товаров бытовой химии и местных строительных материалов |
| -- | 852##$aNLR$jП10/6454 |
| -- | 011$a0234-5927 |
| Заглавие | Местная промышленность |
| 444 #0 - ПОГЛОТИВШИЙ | |
| Встроенное поле | 2001#$aМестная промышленность$iРацпредложения, рекомендуемые для внедрения на предприятиях местной промышленности |
| -- | 852##$aNLR$jП10/5621 |
| -- | 011$a0136-5738 |
| Заглавие | Местная промышленность |
| 801 #1 - ИСТОЧНИК ЗАПИСИ | |
| Страна | Российская Федерация |
| Организация | InfoComm |
| Дата составления | 20040423 |
| 801 #0 - ИСТОЧНИК ЗАПИСИ | |
| Страна | Российская Федерация |
| Организация | NLR |
| Правила каталогизации | PSBO |
| 852 ## - МЕСТОНАХОЖДЕНИЕ И ШИФР ХРАНЕНИЯ | |
| Идентификатор организации | NLR |
| Шифр хранения (Call Number) | П10/4379 |
| 942 ## - ДОПОЛНИТЕЛЬНЫЕ ЭЛЕМЕНТЫ ЗАПИСИ (АБИС) | |
| Тип экземпляра АБИС | Продолжающееся издание |
| 980 ## - КОЛЛЕКЦИЯ | |
| Название коллекции | Русская периодика |
Нет доступных экземпляров.